00386nam a22001097a 4500008004100000020001500041040005500056080001600111245006400127260004900191650003600240230628b |||||||| |||| 00| 0 eng d a0840741219 aNational Science LibrarycNational Science Library aR 030.8bM4 aWebster's new reference libraryc/ Thomas Nelson Publishers aNew York: bThomas Nelson Publishers, c1984 aEncyclopaedias and dictionaries